| 000 | 00387cam a2200145 i 4500 | ||
|---|---|---|---|
| 020 | _a9781422196007 (alk. paper) | ||
| 040 | _cDLC | ||
| 082 | 0 | 0 | _a650 HAR 2014 A116 Or. |
| 245 | 0 | 0 | _aHBR guide to getting the mentoring you need. |
| 300 |
_aviii, 160 pages ; _c22 cm |
||
| 500 | _aIncludes index. | ||
| 650 | 0 | _aMentoring in business. | |
| 650 | 0 | _aCareer development. | |
| 942 | _cAEDBB | ||
| 999 |
_c17527 _d17527 |
||